Монгол-Франц, Франц-Монгол (Бичлэгийн дугаар. 1145438)
[ энгийн харах ]
| 000 -Удирдлага | |
|---|---|
| Ном зүйн бүртгэл тоо буюу кодлох утгыг агуулсан | 00557nam a22001937a 4500 |
| 003 - ХЯНАЛТЫН ТОО ТОДОРХОЙЛОГЧ | |
| Код | MN-UlNLM |
| 005 - ХАМГИЙН СҮҮЛИЙН ҮЕИЙН ХЭЛЦЛИЙН ОГНОО БА ЦАГ | |
| Тухайн бичилтийг бичсэн засварласан сүүлийн огноо. | 20260211160956.0 |
| 008 - ЕРӨНХИЙ МЭДЭЭЛЭЛ-ЭЛЕМЕНТҮҮДИЙН ӨГӨГДЛИЙН УРТ | |
| fixed length control field | 241017s2012 mp ||||| |||| 00| 0 mon d |
| 020 ## - ОЛОН УЛСЫН СТАНДАРТ НОМЫН ДУГААР-ISBN | |
| Олон Улсын Стандарт Номын Дугаар | 9789996289552 |
| 040 ## - ЭХ СУРВАЛЖИЙГ ТОДОРХОЙЛОН БИЧИХ | |
| Каталогийн хэл | Монгол |
| 084 ## - БУСАД АНГИЛЛЫН ДУГААР | |
| Ангиллын нэр | Номын сан номзүйн ангилал |
| Анги | 81.2Мон-4 |
| Зохиогчийн 3-н тэмдэгт | А 486 |
| Шинжлэх ухааны мэдлэгийн салбар | Хэл шинжлэл - 80 |
| 100 1# - ЗОХИОГЧИЙН ХЭСЭГ | |
| Зохиогчийн нэр | Алтанцэцэг Т. |
| 240 ## - ЗЭРЭГЦЭЭ ГАРЧИГ | |
| Зэрэгцээ гарчгийн нэр | Mongol Francais Francais Mongol |
| 245 1# - ҮНДСЭН ГАРЧИГ | |
| Гарчиг | Монгол-Франц, Франц-Монгол |
| Гарчигт хамааралтай мэдээ | Олон утгат 100 үйл үгийн толь |
| 260 ## - ГАРАЛТЫН ТУХАЙ МЭДЭЭ | |
| Хэвлэгдсэн газар | УБ |
| Хэвлэгдсэн он | 2012 |
| 300 ## - ТООНЫ МЭДЭЭ | |
| Хуудасны тоо | 140х |
| 546 ## - ХЭЛНИЙ ТУХАЙ МЭДЭЭ | |
| Хэл | mon |
| -- | fre |
| 942 ## - ЭЛЕМЕНТИЙН ТӨРӨЛ | |
| Төрөл | Ном |
| Буцаан татагдсан төлөв | Хасагдсан шалтгаан | Гэмтсэн төлөв | Данс заагч | Захиалах боломжгүй | Үндсэн номын сан | Одоогийн байршил | Салбар танхим | Салбар танхим | Бүртгэсэн огноо | Бүрдүүлэлтийн эх үүсвэр | Тавиурын заалт | Баркод | Үнэ | Хамгийн сүүлд байсан огноо | Нийт уншлаганд гарсан тоо | Дансны дугаар | Ангиллын нэр | Фактур мөрийн дугаар | Төрөл | Хамгийн сүүлд уншлаганд гарсан огноо |
|---|---|---|---|---|---|---|---|---|---|---|---|---|---|---|---|---|---|---|---|---|
| МУҮНомын сан салбар | МУҮНомын сан салбар | МУҮНС салбар | Язгуур танхим 8 давхар | МУҮНС салбар | Язгуур танхим 8 давхар | 2025-02-04 | Бэлэг, хандив | 81.2Мон-4 А 486 | 006000099208 | 14000.00 | 2024-10-17 | 99208 | Номын сан номзүйн ангилал | 240819.00 | Ном | |||||||
| МУҮНомын сан салбар | МУҮНомын сан салбар | МУҮНС салбар | Язгуур танхим 8 давхар | МУҮНС салбар | Язгуур танхим 8 давхар | 2025-02-04 | Бэлэг, хандив | 81.2Мон-4 А 486 | 006000099209 | 14000.00 | 2025-02-04 | 99209 | Ном | |||||||||
| МУҮндэсний Номын сан | МУҮндэсний Номын сан | МУҮНС төв | Ойр фонд | МУҮНС төв | Ойр фонд | 2025-02-04 | Бэлэг, хандив | 81.2Мон-4 А 486 | 006000099210 | 14000.00 | 2026-04-09 | 1 | 99210 | Ном | 2026-04-09 |